01596nam a2200313 c 450000100060000000300100000600500170001600700030003300800410003602000180007704000350009504100080013008200210013810000370015924500990019625000230029526400480031830000690036633600270043533700330046233800280049552005660052352100410108965000430113065000220117365000250119565000360122065000260125659548CO-BoRNBP20251022165717.0ta250129s2024 ck ad||gr ||| 00| 0 spa d a9789585084032 aCO-BoRNBPbspaerdacCO-BoRNBP0 aspa04a658.11bS13e223 aSchnarch Kirberg, Alejandroeaut10aEmprendimiento exitoso :bcómo mejorar su proceso y gestión /cAlejandro Schnarch Kirberg. aEdición especial 1aBogotá, Colombia :bEcoe Ediciones,c2024 axiv, 258 páginas :bilustraciones, diagramas en blanco y negro atextobtxt2rdacontent asin mediaciónbn2rdamedia avolumenbnc2rdacarrier aDurante siglos predominó la idea de que la creatividad es un don poderoso otorgado a personas excepcionales. Hoy, la creatividad ya no es una virtud de unos pocos, se ha transformado en una alternativa innovadora para afrontar la realidad dinámica del mundo actual. Esta se ha articulado con el emprendimiento en la planificación y puesta en marcha de empresas. El libro es una guía para convertirse en un buen emprendedor en un mundo globalizado, dónde hacer empresa es cuestión de actitud positiva, pensamiento creativo y valor para asumir riesgos aRecomendado para un público adulto07aAptitud creadora en los negocios2LEMB07aEmperadores2LEMB07aEmprendimiento2LEMB07aEspionaje en los negocios2lemb07aNuevas empresas2lemb